[Event "30. Abierto Ciudad de Sevilla"]
[Site "Sevilla ESP"]
[Date "2005.01.08"]
[Round "2.1"]
[White "Ramos Suria, Felix"]
[Black "Epishin, Vladimir"]
[Result "0-1"]
[WhiteElo "2109"]
[BlackElo "2614"]
[PlyCount "60"]
[EventDate "2005.01.07"]
[EventType "swiss"]
[EventRounds "9"]
[EventCountry "ESP"]
[Source "lmi"]
[SourceDate "2005.01.13"]

1. e4 c5 2. Nc3 e6 3. g3 d5 4. exd5 exd5 5. Bg2 Nf6 6. d3 d4 7. Ne4 Nxe4 8.
dxe4 Nc6 9. f4 c4 10. Nf3 Bc5 11. O-O O-O 12. h3 Qe7 13. Kh2 Rd8 14. a3 a5 15.
e5 d3 16. cxd3 Bf5 17. Ne1 h6 18. Bd2 cxd3 19. g4 Be6 20. Nf3 Nd4 21. Nxd4 Bxd4
22. Rb1 Ba2 23. Ra1 Bd5 24. Rb1 Rac8 25. Rc1 Bxg2 26. Kxg2 Bxb2 27. Rxc8 Rxc8
28. Qb3 Bxa3 29. Qxd3 Rd8 30. Qc2 Qd7 0-1

[Event "30. Abierto Ciudad de Sevilla"]
[Site "Sevilla ESP"]
[Date "2005.01.08"]
[Round "2.2"]
[White "Korneev, Oleg"]
[Black "Nederveld, Dieter"]
[Result "1-0"]
[WhiteElo "2602"]
[BlackElo "2103"]
[PlyCount "68"]
[EventDate "2005.01.07"]
[EventType "swiss"]
[EventRounds "9"]
[EventCountry "ESP"]
[Source "lmi"]
[SourceDate "2005.01.13"]

1. e4 c6 2. c4 d6 3. d4 Nd7 4. Nc3 e5 5. Nf3 h6 6. Be2 Ngf6 7. O-O Be7 8. h3
Qc7 9. Be3 g5 10. b4 Nf8 11. c5 Ng6 12. Rc1 Nf4 13. cxd6 Qxd6 14. Bxf4 gxf4 15.
dxe5 Qxd1 16. Rfxd1 Nh7 17. b5 Be6 18. bxc6 bxc6 19. Nd4 Ba3 20. Rb1 O-O 21.
Nxc6 f3 22. Ba6 fxg2 23. h4 f5 24. Nb5 Bc5 25. Nc7 Bxa2 26. Rb2 Bf7 27. exf5
Be8 28. Bc4+ Kh8 29. Nb8 Ba4 30. Rdb1 Bd4 31. Nxa8 Bxe5 32. Rb4 Bc2 33. Nd7
Rxa8 34. Nxe5 Bxb1 1-0

[Event "30. Abierto Ciudad de Sevilla"]
[Site "Sevilla ESP"]
[Date "2005.01.08"]
[Round "2.4"]
[White "Morillo Velarde Gallego, Antonio"]
[Black "Peralta, Fernando"]
[Result "0-1"]
[WhiteElo "2109"]
[BlackElo "2538"]
[PlyCount "96"]
[EventDate "2005.01.07"]
[EventType "swiss"]
[EventRounds "9"]
[EventCountry "ESP"]
[Source "lmi"]
[SourceDate "2005.01.13"]

1. e4 d6 2. d4 Nf6 3. Nc3 g6 4. g3 Bg7 5. Bg2 O-O 6. Nge2 e5 7. O-O c6 8. Re1
b5 9. a3 Bb7 10. dxe5 dxe5 11. Qxd8 Rxd8 12. Bg5 h6 13. Bxf6 Bxf6 14. Rad1 Nd7
15. Nc1 Nc5 16. Bh3 a5 17. b4 axb4 18. axb4 Na6 19. Nd3 Be7 20. Na2 Bd6 21. Rb1
Rab8 22. Nac1 Ba8 23. Bg2 c5 24. bxc5 Nxc5 25. Nxc5 Bxc5 26. Nd3 Bd4 27. Rb3
Rdc8 28. Rc1 Rc3 29. Rxc3 Bxc3 30. Rb1 b4 31. Nc5 Rd8 32. Nd3 Bc6 33. Nxb4 Rb8
34. Nxc6 Rxb1+ 35. Bf1 Rc1 36. Ne7+ Kf8 37. Nd5 Rxc2 38. Nxc3 Rxc3 39. g4 Ke7
40. Be2 Kf6 41. h4 Rh3 42. h5 gxh5 43. gxh5 Kg5 44. Kg2 Rc3 45. Bd1 Kf4 46. f3
Rd3 47. Be2 Rd2 48. Kf2 Rc2 0-1

[Event "30. Abierto Ciudad de Sevilla"]
[Site "Sevilla ESP"]
[Date "2005.01.08"]
[Round "2.7"]
[White "Bongers, Erik"]
[Black "Matamoros Franco, Carlos S"]
[Result "0-1"]
[WhiteElo "2093"]
[BlackElo "2522"]
[PlyCount "48"]
[EventDate "2005.01.07"]
[EventType "swiss"]
[EventRounds "9"]
[EventCountry "ESP"]
[Source "lmi"]
[SourceDate "2005.01.13"]

1. e4 e6 2. Nf3 d5 3. e5 c5 4. b4 cxb4 5. d4 Nc6 6. a3 f6 7. exf6 Nxf6 8. axb4
Bxb4+ 9. c3 Bd6 10. Bd3 O-O 11. O-O e5 12. dxe5 Nxe5 13. Nxe5 Bxe5 14. f4 Bc7
15. Ra2 Bb6+ 16. Kh1 Ne4 17. Qe1 Bf5 18. Bxe4 Bxe4 19. Ba3 Re8 20. Qg3 Bf5 21.
h3 Re3 22. Qg5 Qxg5 23. fxg5 Bd3 24. Rd1 Rae8 0-1

[Event "30. Abierto Ciudad de Sevilla"]
[Site "Sevilla ESP"]
[Date "2005.01.08"]
[Round "2.9"]
[White "Khamrakulov, Ibragim S"]
[Black "Meana Fernandez, Palacios Miguel"]
[Result "1-0"]
[WhiteElo "2501"]
[BlackElo "2085"]
[PlyCount "66"]
[EventDate "2005.01.07"]
[EventType "swiss"]
[EventRounds "9"]
[EventCountry "ESP"]
[Source "lmi"]
[SourceDate "2005.01.13"]

1. e4 e5 2. Nf3 Nc6 3. d4 exd4 4. Nxd4 Bc5 5. Nb3 Bb6 6. Nc3 Qf6 7. Qe2 Nge7 8.
Be3 d6 9. O-O-O Bxe3+ 10. Qxe3 Be6 11. Nb5 Rc8 12. Nxa7 Nxa7 13. Qxa7 O-O 14.
Qe3 c5 15. Rxd6 Qe5 16. Rd1 c4 17. f4 Qb8 18. Nd4 c3 19. Nxe6 cxb2+ 20. Kb1
fxe6 21. g3 e5 22. Bh3 Rc7 23. Be6+ Kh8 24. fxe5 Nc6 25. Rhf1 Re7 26. Rxf8+
Qxf8 27. Bd5 Nxe5 28. h4 Rc7 29. Qf4 Qc5 30. Bb3 Rc8 31. Rd5 Qg1+ 32. Kxb2 Ng6
33. Qc7 Re8 1-0

[Event "30. Abierto Ciudad de Sevilla"]
[Site "Sevilla ESP"]
[Date "2005.01.08"]
[Round "2.10"]
[White "Rousse Mayol, Ricard"]
[Black "Komljenovic, Davor"]
[Result "0-1"]
[WhiteElo "2062"]
[BlackElo "2492"]
[PlyCount "86"]
[EventDate "2005.01.07"]
[EventType "swiss"]
[EventRounds "9"]
[EventCountry "ESP"]
[Source "lmi"]
[SourceDate "2005.01.13"]

1. Nf3 d5 2. d4 c6 3. g3 Bf5 4. Bg2 h6 5. Nbd2 Nf6 6. O-O e6 7. c4 Be7 8. Qb3
Qb6 9. Qxb6 axb6 10. cxd5 exd5 11. Ne5 Nbd7 12. Nxd7 Kxd7 13. f3 Ra4 14. e3
Rha8 15. a3 b5 16. b3 R4a7 17. e4 Be6 18. e5 Ne8 19. Nb1 b4 20. f4 g6 21. a4
Bf5 22. Bb2 b5 23. Nd2 bxa4 24. bxa4 Rxa4 25. Rxa4 Rxa4 26. Ra1 Rxa1+ 27. Bxa1
Nc7 28. Nf3 Ne6 29. Kf2 Kc7 30. h3 h5 31. Ke3 g5 32. Bb2 h4 33. g4 gxf4+ 34.
Kf2 Bd3 35. Ng1 Bc4 36. Ne2 Kb6 37. Kf3 Ng5+ 38. Kf2 f3 39. Bxf3 Nxh3+ 40. Kg2
Bxe2 41. Bxe2 Nf4+ 42. Kf2 Nxe2 43. Kxe2 Bg5 0-1

[Event "30. Abierto Ciudad de Sevilla"]
[Site "Sevilla ESP"]
[Date "2005.01.08"]
[Round "2.11"]
[White "Pogorelov, Ruslan"]
[Black "Hermosin Bustos, Manuel"]
[Result "1-0"]
[WhiteElo "2472"]
[BlackElo "2083"]
[PlyCount "113"]
[EventDate "2005.01.07"]
[EventType "swiss"]
[EventRounds "9"]
[EventCountry "ESP"]
[Source "lmi"]
[SourceDate "2005.01.13"]

1. Nf3 Nf6 2. c4 d6 3. d4 Nbd7 4. Nc3 e5 5. e4 Be7 6. Be2 O-O 7. O-O c6 8. Qc2
Qc7 9. Rd1 Re8 10. Bg5 Nf8 11. d5 c5 12. Nxe5 dxe5 13. d6 Bxd6 14. Bxf6 Qc6 15.
Qd2 Bc7 16. Bg5 Ba5 17. Qd5 Qg6 18. Be3 Bxc3 19. bxc3 Bh3 20. g3 b6 21. f3 Kh8
22. a4 Ne6 23. Qxe5 Nd4 24. cxd4 Rxe5 25. dxe5 h5 26. Rd6 Be6 27. Kf2 Re8 28.
a5 f6 29. axb6 axb6 30. Rxb6 fxe5 31. Ra5 h4 32. g4 Qf7 33. g5 Bxc4 34. g6 Qg8
35. Bd1 Bd3 36. Bxc5 Qc4 37. Be3 Rf8 38. Rxe5 Qa2+ 39. Ke1 Bc4 40. Rh5+ Kg8 41.
Rc5 Kh8 42. Rh5+ Kg8 43. Rc5 Kh8 44. Bd4 Qxh2 45. Rxc4 Qh1+ 46. Kd2 Qg2+ 47.
Be2 Rd8 48. Kd3 h3 49. Rd6 Ra8 50. Ra4 Rb8 51. Ra7 Rg8 52. Rdd7 Qxg6 53. Rxg7
Rxg7 54. Rxg7 Qa6+ 55. Ke3 Qh6+ 56. f4 h2 57. Rg6+ 1-0

[Event "30. Abierto Ciudad de Sevilla"]
[Site "Sevilla ESP"]
[Date "2005.01.08"]
[Round "2.12"]
[White "Fernandez Romero, Ernesto"]
[Black "Valencia Gomez, Jairo Fdo"]
[Result "1-0"]
[WhiteElo "2469"]
[BlackElo "2061"]
[PlyCount "43"]
[EventDate "2005.01.07"]
[EventType "swiss"]
[EventRounds "9"]
[EventCountry "ESP"]
[Source "lmi"]
[SourceDate "2005.01.13"]

1. e4 c5 2. Nf3 e6 3. d4 cxd4 4. Nxd4 a6 5. Nc3 Qc7 6. g3 Nf6 7. Bg2 Bb4 8.
Nde2 Be7 9. O-O O-O 10. h3 d6 11. a4 Bd7 12. g4 Bc6 13. Nd4 Re8 14. Be3 e5 15.
Nf5 Bf8 16. g5 Nfd7 17. b4 g6 18. Ng3 f5 19. gxf6 Nxf6 20. Qd2 b6 21. f4 Bh6
22. fxe5 1-0

[Event "30. Abierto Ciudad de Sevilla"]
[Site "Sevilla ESP"]
[Date "2005.01.08"]
[Round "2.13"]
[White "Pena Dieguez, Manuel"]
[Black "Rizouk, Aimen"]
[Result "0-1"]
[WhiteElo "2060"]
[BlackElo "2457"]
[PlyCount "52"]
[EventDate "2005.01.07"]
[EventType "swiss"]
[EventRounds "9"]
[EventCountry "ESP"]
[Source "lmi"]
[SourceDate "2005.01.13"]

1. e4 c5 2. Nc3 d6 3. f4 g6 4. Nf3 Bg7 5. d3 Nc6 6. Be3 e6 7. g3 Nge7 8. Bg2
O-O 9. O-O b6 10. Kh1 d5 11. Bg1 Ba6 12. Re1 dxe4 13. Rxe4 Nd5 14. Qd2 Qc7 15.
a4 Rad8 16. Ree1 Nxc3 17. bxc3 Rfe8 18. Rf1 Bb7 19. Ng5 h6 20. Nf3 Na5 21. Be3
Nc4 22. Qe1 Nxe3 23. Qxe3 Bxc3 24. Rad1 Ba6 25. f5 exf5 26. Qxh6 Re2 0-1

[Event "30. Abierto Ciudad de Sevilla"]
[Site "Sevilla ESP"]
[Date "2005.01.08"]
[Round "2.14"]
[White "Robles Garcia, Claudia"]
[Black "Barrientos, Sergio"]
[Result "1/2-1/2"]
[WhiteElo "2053"]
[BlackElo "2432"]
[PlyCount "100"]
[EventDate "2005.01.07"]
[EventType "swiss"]
[EventRounds "9"]
[EventCountry "ESP"]
[Source "lmi"]
[SourceDate "2005.01.13"]

1. e4 e5 2. Nc3 Nc6 3. f4 exf4 4. Nf3 Nge7 5. d4 Ng6 6. Nd5 d6 7. Nxf4 Qe7 8.
Bd3 Bg4 9. c3 Nh4 10. Qe2 O-O-O 11. Nd5 Nxf3+ 12. gxf3 Qh4+ 13. Kd1 Bd7 14. Rg1
h6 15. Be3 Re8 16. Kc2 f5 17. Nf4 Ne7 18. Rae1 fxe4 19. fxe4 g5 20. Nh5 g4 21.
Nf4 Bg7 22. Ref1 Rhf8 23. h3 g3 24. Qg2 Bf6 25. Qxg3 Rg8 26. Qf3 Bg5 27. Bc4
Rgf8 28. Qg3 Qxg3 29. Rxg3 Ng8 30. Bd3 Bc6 31. d5 Bd7 32. Rgf3 Rf7 33. Ng6 Rxf3
34. Rxf3 Bxe3 35. Rxe3 Bf5 36. Nh4 Bh7 37. Kd2 Nf6 38. Nf5 Bxf5 39. exf5 Rxe3
40. Kxe3 Nxd5+ 41. Kd4 Nf6 42. b4 Kd7 43. Be2 Ke7 44. Bf3 c6 45. c4 Nd7 46. Ke4
Kf6 47. Kf4 Nb6 48. b5 c5 49. Bxb7 Nxc4 50. a4 Na5 1/2-1/2

[Event "30. Abierto Ciudad de Sevilla"]
[Site "Sevilla ESP"]
[Date "2005.01.08"]
[Round "2.15"]
[White "Rodriguez Guerrero, Enrique"]
[Black "Reina Aguilar, Marcelo"]
[Result "1-0"]
[WhiteElo "2430"]
[BlackElo "2059"]
[PlyCount "79"]
[EventDate "2005.01.07"]
[EventType "swiss"]
[EventRounds "9"]
[EventCountry "ESP"]
[Source "lmi"]
[SourceDate "2005.01.13"]

1. e4 c5 2. Nf3 d6 3. d4 cxd4 4. Nxd4 Nf6 5. Nc3 g6 6. Be3 Bg7 7. f3 O-O 8. Qd2
Nc6 9. Bc4 Bd7 10. O-O-O Rc8 11. Bb3 Ne5 12. Kb1 Nc4 13. Bxc4 Rxc4 14. g4 b5
15. b3 Rc5 16. Ne6 fxe6 17. Bxc5 dxc5 18. e5 Qa5 19. exf6 Bxf6 20. Ne4 Qxd2 21.
Rxd2 Bc6 22. Nxf6+ exf6 23. Rf1 Rf7 24. Rd8+ Rf8 25. Rxf8+ Kxf8 26. f4 h6 27.
Kc1 Ke7 28. Kd2 Bd5 29. h4 a6 30. Ke3 Kf7 31. Rc1 e5 32. fxe5 fxe5 33. Rf1+ Ke7
34. g5 hxg5 35. hxg5 a5 36. Rf6 Be6 37. Rxg6 Bf5 38. Rb6 Bxc2 39. Rxb5 a4 40.
bxa4 1-0

[Event "30. Abierto Ciudad de Sevilla"]
[Site "Sevilla ESP"]
[Date "2005.01.08"]
[Round "2.16"]
[White "Bellon Lopez, Juan Manuel"]
[Black "Morales Cano, Carlos"]
[Result "1-0"]
[WhiteElo "2428"]
[BlackElo "2046"]
[PlyCount "63"]
[EventDate "2005.01.07"]
[EventType "swiss"]
[EventRounds "9"]
[EventCountry "ESP"]
[Source "lmi"]
[SourceDate "2005.01.13"]

1. e4 e6 2. d4 d5 3. Nc3 dxe4 4. Nxe4 Bd7 5. Bd3 Bc6 6. Nf3 Bxe4 7. Bxe4 c6 8.
c4 Nf6 9. Bb1 Bd6 10. Qd3 Qc7 11. g3 c5 12. O-O Nbd7 13. d5 e5 14. Qf5 g6 15.
Qh3 h5 16. Ng5 Nb6 17. b3 Qd7 18. Ne6 Ke7 19. f4 fxe6 20. dxe6 Qe8 21. Qh4 exf4
22. Bxf4 Bxf4 23. Qxf4 Rf8 24. Qc7+ Nfd7 25. exd7 Rxf1+ 26. Kxf1 Qf7+ 27. Kg2
Nxd7 28. Bxg6 Qe6 29. Rf1 Qxg6 30. Re1+ Kf8 31. Qxd7 b6 32. Rf1+ 1-0

[Event "30. Abierto Ciudad de Sevilla"]
[Site "Sevilla ESP"]
[Date "2005.01.08"]
[Round "2.17"]
[White "Moron Hernandez, Carlos"]
[Black "Tissir, Mohamed"]
[Result "0-1"]
[WhiteElo "2038"]
[BlackElo "2426"]
[PlyCount "48"]
[EventDate "2005.01.07"]
[EventType "swiss"]
[EventRounds "9"]
[EventCountry "ESP"]
[Source "lmi"]
[SourceDate "2005.01.13"]

1. d4 e6 2. c4 c5 3. d5 exd5 4. cxd5 d6 5. Nc3 Ne7 6. e4 Ng6 7. Nf3 Be7 8. Be2
O-O 9. Be3 Bf6 10. O-O a6 11. a4 Re8 12. Nd2 Nd7 13. Qc2 Bd4 14. Nd1 Nf6 15.
Rb1 Qe7 16. Bxd4 cxd4 17. Bd3 Nf4 18. f3 Bd7 19. Ra1 Rac8 20. Qb3 N6xd5 21.
exd5 Qg5 22. g4 Bxg4 23. Bxh7+ Kxh7 24. fxg4 Qxg4+ 0-1

[Event "30. Abierto Ciudad de Sevilla"]
[Site "Sevilla ESP"]
[Date "2005.01.08"]
[Round "2.18"]
[White "Perez Perez, Manuel"]
[Black "Teran Alvarez, Ismael"]
[Result "0-1"]
[WhiteElo "2026"]
[BlackElo "2422"]
[PlyCount "60"]
[EventDate "2005.01.07"]
[EventType "swiss"]
[EventRounds "9"]
[EventCountry "ESP"]
[Source "lmi"]
[SourceDate "2005.01.13"]

1. e4 c5 2. Nf3 Nc6 3. d4 cxd4 4. Nxd4 e5 5. Nb5 d6 6. N1c3 a6 7. Na3 b5 8. Nd5
Nf6 9. Bg5 Be7 10. Bxf6 Bxf6 11. Qh5 Be6 12. Bd3 Bg5 13. Nc7+ Qxc7 14. Qxg5 O-O
15. O-O Nb4 16. Qd2 Qc5 17. c3 Nxd3 18. Qxd3 Rfd8 19. Rfd1 d5 20. Nc2 h6 21. a4
bxa4 22. Rxa4 Qb6 23. Rb4 dxe4 24. Qe2 Rxd1+ 25. Qxd1 Qc6 26. Qe2 f5 27. g4 f4
28. Rxe4 Bxg4 29. f3 Bf5 30. Rxe5 Qg6+ 0-1

[Event "30. Abierto Ciudad de Sevilla"]
[Site "Sevilla ESP"]
[Date "2005.01.08"]
[Round "2.19"]
[White "Gonzalez Marquez, Antonio Jesus"]
[Black "Bellia, Fabrizio"]
[Result "1-0"]
[WhiteElo "2024"]
[BlackElo "2407"]
[PlyCount "126"]
[EventDate "2005.01.07"]
[EventType "swiss"]
[EventRounds "9"]
[EventCountry "ESP"]
[Source "lmi"]
[SourceDate "2005.01.13"]

1. e4 e5 2. Nf3 Nc6 3. Bb5 a6 4. Ba4 Nf6 5. O-O Be7 6. Re1 b5 7. Bb3 d6 8. c3
O-O 9. d4 Bg4 10. d5 Na5 11. Bc2 c6 12. dxc6 Qc7 13. Bg5 h6 14. Bxf6 Bxf6 15.
h3 Be6 16. Nbd2 Qxc6 17. Qe2 Rfe8 18. Nf1 Nc4 19. Bd3 d5 20. Qc2 Nd6 21. Ng3
Kh8 22. exd5 Bxd5 23. Ne4 Nxe4 24. Bxe4 Rad8 25. Bxd5 Rxd5 26. Re2 g6 27. a4
Bg7 28. axb5 axb5 29. Rd1 Rxd1+ 30. Qxd1 Kg8 31. Rd2 e4 32. Nd4 Qb6 33. Nc2 Be5
34. Qe2 Qc5 35. Qe3 Qc7 36. g3 Bg7 37. Rd5 Qc4 38. Qc5 Rb8 39. Qxc4 bxc4 40.
Nb4 Ra8 41. Rc5 Ra1+ 42. Kg2 Rb1 43. Rc8+ Kh7 44. Rxc4 f5 45. Nd5 Rxb2 46. Rc7
g5 47. Ne3 f4 48. gxf4 gxf4 49. Nf5 e3 50. Rxg7+ Kh8 51. Re7 Rxf2+ 52. Kg1 Rc2
53. Nxe3 fxe3 54. Rxe3 Kg7 55. Rf3 Kg6 56. Kf1 Kg5 57. Ke1 Ra2 58. Kd1 Ra8 59.
Kc2 Rc8 60. Kd2 h5 61. Rd3 Kf4 62. Rd4+ Kg3 63. h4 Kh3 1-0

[Event "30. Abierto Ciudad de Sevilla"]
[Site "Sevilla ESP"]
[Date "2005.01.08"]
[Round "2.20"]
[White "Escobar Forero, Alder"]
[Black "Fernandez Lago, David"]
[Result "1-0"]
[WhiteElo "2407"]
[BlackElo "2036"]
[PlyCount "67"]
[EventDate "2005.01.07"]
[EventType "swiss"]
[EventRounds "9"]
[EventCountry "ESP"]
[Source "lmi"]
[SourceDate "2005.01.13"]

1. e4 e6 2. d4 d5 3. Nd2 dxe4 4. Nxe4 Nd7 5. Nf3 Ngf6 6. Bd3 Be7 7. Qe2 Nxe4 8.
Bxe4 Nf6 9. Bxb7 Rb8 10. Bxc8 Qxc8 11. O-O O-O 12. b3 c5 13. Ba3 Qc7 14. dxc5
Bxc5 15. Bb2 Nd5 16. Rad1 Rbd8 17. Qe4 Be7 18. c4 Nf6 19. Qe5 Qb6 20. Bd4 Qa6
21. a4 Qb7 22. Rd3 Rd7 23. Rfd1 Rfd8 24. Kf1 Qc6 25. Qe2 Qe4 26. Bxf6 Qxe2+ 27.
Kxe2 Rxd3 28. Rxd3 Bxf6 29. Rxd8+ Bxd8 30. Ne5 a5 31. c5 Kf8 32. Nc6 Bc7 33. b4
axb4 34. a5 1-0

[Event "30. Abierto Ciudad de Sevilla"]
[Site "Sevilla ESP"]
[Date "2005.01.08"]
[Round "2.30"]
[White "Barrero Garcia, Carlos"]
[Black "Vela Ignacio, Jose M"]
[Result "1-0"]
[WhiteElo "2292"]
[BlackElo "2008"]
[PlyCount "45"]
[EventDate "2005.01.07"]
[EventType "swiss"]
[EventRounds "9"]
[EventCountry "ESP"]
[Source "lmi"]
[SourceDate "2005.01.13"]

1. e4 e5 2. Nc3 Bb4 3. f4 Nc6 4. Nf3 d6 5. Bb5 Bd7 6. O-O Nge7 7. fxe5 dxe5 8.
Ng5 O-O 9. Qh5 h6 10. Nxf7 Be8 11. Nxh6+ gxh6 12. Rxf8+ Kxf8 13. Qxh6+ Kg8 14.
d4 Qxd4+ 15. Be3 Qd6 16. Bc4+ Bf7 17. Bxf7+ Kxf7 18. Qh7+ Ke6 19. Nb5 Qd8 20.
Qh3+ Kf7 21. Rf1+ Kg8 22. Qg4+ Kh8 23. Rf7 1-0

[Event "30. Abierto Ciudad de Sevilla"]
[Site "Sevilla ESP"]
[Date "2005.01.09"]
[Round "3.1"]
[White "Epishin, Vladimir"]
[Black "Kovacevic, Slobodan"]
[Result "1-0"]
[WhiteElo "2614"]
[BlackElo "2358"]
[PlyCount "61"]
[EventDate "2005.01.07"]
[EventType "swiss"]
[EventRounds "9"]
[EventCountry "ESP"]
[Source "lmi"]
[SourceDate "2005.01.13"]

1. d4 Nf6 2. c4 e6 3. Nc3 c5 4. d5 exd5 5. cxd5 d6 6. e4 g6 7. Nf3 a6 8. Qe2
Bg4 9. e5 Bxf3 10. gxf3 dxe5 11. Qxe5+ Qe7 12. Bf4 Qxe5+ 13. Bxe5 Nbd7 14. f4
Bg7 15. Bg2 O-O 16. O-O Nh5 17. Bd6 Rfe8 18. Bc7 Ra7 19. Rae1 Rc8 20. d6 Bxc3
21. bxc3 b5 22. Re7 Nf8 23. Bd5 Nxf4 24. Bxf7+ Kh8 25. Rfe1 a5 26. h4 Nh5 27.
Be6 Nxe6 28. R1xe6 Ng7 29. d7 Raxc7 30. Re8+ Nxe8 31. Rxe8+ 1-0

[Event "30. Abierto Ciudad de Sevilla"]
[Site "Sevilla ESP"]
[Date "2005.01.09"]
[Round "3.3"]
[White "Razmyslov, Alexander"]
[Black "Parligras, Mircea"]
[Result "1/2-1/2"]
[WhiteElo "2307"]
[BlackElo "2567"]
[PlyCount "110"]
[EventDate "2005.01.07"]
[EventType "swiss"]
[EventRounds "9"]
[EventCountry "ESP"]
[Source "lmi"]
[SourceDate "2005.01.13"]

1. e4 c5 2. Nf3 Nc6 3. d4 cxd4 4. Nxd4 Nf6 5. Nc3 e5 6. Ndb5 d6 7. Bg5 a6 8.
Na3 b5 9. Bxf6 gxf6 10. Nd5 f5 11. c3 Bg7 12. exf5 Bxf5 13. Nc2 O-O 14. a4 Rb8
15. Ncb4 Nxb4 16. Nxb4 Qb6 17. axb5 axb5 18. Bd3 e4 19. Bc2 Be5 20. Qd5 Rbc8
21. Ra6 Qd8 22. Nc6 Qg5 23. O-O Rfe8 24. g3 Qh5 25. Bxe4 Bxe4 26. Qxe4 Bxc3 27.
Ne7+ Kf8 28. bxc3 Rxe7 29. Qd3 Qg6 30. Rxd6 Qxd3 31. Rxd3 Rec7 32. Rb1 Rxc3 33.
Rxc3 Rxc3 34. Rxb5 Kg7 35. g4 h6 36. Kg2 Kg6 37. h4 Ra3 38. f3 Ra4 39. Kg3 Rc4
40. Re5 Ra4 41. Re4 Ra5 42. Kf4 Ra6 43. h5+ Kf6 44. Kg3 Ra3 45. Rf4+ Kg7 46.
Rd4 Ra6 47. Rd3 Kf6 48. f4 Rb6 49. Kh4 Rb4 50. Rd6+ Kg7 51. Kg3 Rb3+ 52. Kf2
Ra3 53. Rd5 Kf6 54. g5+ Kg7 55. Kg2 Rb3 1/2-1/2

[Event "30. Abierto Ciudad de Sevilla"]
[Site "Sevilla ESP"]
[Date "2005.01.09"]
[Round "3.4"]
[White "Peralta, Fernando"]
[Black "Barrero Garcia, Carlos"]
[Result "1-0"]
[WhiteElo "2538"]
[BlackElo "2292"]
[PlyCount "59"]
[EventDate "2005.01.07"]
[EventType "swiss"]
[EventRounds "9"]
[EventCountry "ESP"]
[Source "lmi"]
[SourceDate "2005.01.13"]

1. d4 Nf6 2. c4 c5 3. d5 e6 4. Nc3 exd5 5. cxd5 Bd6 6. Bg5 O-O 7. e3 Re8 8. Bd3
h6 9. Bh4 Bc7 10. Nge2 d6 11. O-O a6 12. a4 Nbd7 13. f4 Rxe3 14. Qd2 Re8 15.
Ng3 c4 16. Bxc4 Bb6+ 17. Kh1 Qc7 18. Be2 Be3 19. Qd1 g5 20. fxg5 hxg5 21. Nh5
gxh4 22. Rxf6 Qd8 23. Rxd6 Qg5 24. Qf1 Kh8 25. Qxf7 Rg8 26. Qf3 h3 27. Qxh3 Nf6
28. Qg3 Qxg3 29. Nxg3 Rxg3 30. Rxf6 1-0

[Event "30. Abierto Ciudad de Sevilla"]
[Site "Sevilla ESP"]
[Date "2005.01.09"]
[Round "3.5"]
[White "Garrido Dominguez, Jesus"]
[Black "Campora, Daniel H"]
[Result "0-1"]
[WhiteElo "2288"]
[BlackElo "2529"]
[PlyCount "52"]
[EventDate "2005.01.07"]
[EventType "swiss"]
[EventRounds "9"]
[EventCountry "ESP"]
[Source "lmi"]
[SourceDate "2005.01.13"]

1. e4 e5 2. Nf3 d6 3. d4 Nf6 4. dxe5 Nxe4 5. Qd5 Nc5 6. Bg5 Qd7 7. exd6 Bxd6 8.
Nc3 Qe6+ 9. Qxe6+ Nxe6 10. Be3 Bb4 11. O-O-O Bxc3 12. bxc3 Nc6 13. Nd4 Bd7 14.
Bb5 Ncxd4 15. Bxd7+ Kxd7 16. cxd4 b5 17. d5 Nd8 18. Rd4 Nb7 19. Bf4 Na5 20. Re1
Rhe8 21. Rxe8 Rxe8 22. a4 a6 23. axb5 axb5 24. Rb4 Nc4 25. Kd1 Re4 26. Bd2 Nxd2
0-1

[Event "30. Abierto Ciudad de Sevilla"]
[Site "Sevilla ESP"]
[Date "2005.01.09"]
[Round "3.6"]
[White "Mirzoev, Azer"]
[Black "Szmetan, Ricardo"]
[Result "1-0"]
[WhiteElo "2529"]
[BlackElo "2278"]
[PlyCount "72"]
[EventDate "2005.01.07"]
[EventType "swiss"]
[EventRounds "9"]
[EventCountry "ESP"]
[Source "lmi"]
[SourceDate "2005.01.13"]

1. d4 g6 2. e4 c6 3. Nc3 d5 4. h4 h5 5. Nh3 Bxh3 6. Rxh3 Bh6 7. Bxh6 Nxh6 8.
Qd2 e6 9. O-O-O Nd7 10. exd5 exd5 11. Qf4 Qb8 12. Qg5 Qd8 13. Bd3 Qxg5+ 14.
hxg5 Ng8 15. g4 Nf8 16. gxh5 Rxh5 17. Rxh5 gxh5 18. f4 Ne6 19. Ne2 Kf8 20. Rh1
c5 21. dxc5 Nxc5 22. Rxh5 Re8 23. Kd2 Ne4+ 24. Bxe4 Rxe4 25. Rh3 f6 26. Ra3
fxg5 27. fxg5 a6 28. Rb3 b5 29. Ra3 Re6 30. Nf4 Rd6 31. Rf3 Ke8 32. Kd3 Ne7 33.
Kd4 Kd7 34. Nd3 Nc6+ 35. Kc5 Nd8 36. Ne5+ Ke8 1-0

[Event "30. Abierto Ciudad de Sevilla"]
[Site "Sevilla ESP"]
[Date "2005.01.09"]
[Round "3.7"]
[White "Matamoros Franco, Carlos S"]
[Black "Rico Galiano, Arsenio"]
[Result "1-0"]
[WhiteElo "2522"]
[BlackElo "2266"]
[PlyCount "45"]
[EventDate "2005.01.07"]
[EventType "swiss"]
[EventRounds "9"]
[EventCountry "ESP"]
[Source "lmi"]
[SourceDate "2005.01.13"]

1. c4 Nf6 2. Nc3 e6 3. e4 d6 4. d4 Be7 5. Nf3 O-O 6. Bd3 c5 7. dxc5 dxc5 8. e5
Ne8 9. Qc2 g6 10. Bh6 Ng7 11. Rd1 Bd7 12. h4 Nc6 13. h5 Nxh5 14. g4 Nb4 15. Qe2
Ng7 16. Bb1 Ne8 17. Bxf8 Bxf8 18. Qd2 Bc6 19. Qxd8 Rxd8 20. Rxd8 Bxf3 21. Rh3
Bg2 22. Rh2 Bc6 23. Be4 1-0

[Event "30. Abierto Ciudad de Sevilla"]
[Site "Sevilla ESP"]
[Date "2005.01.09"]
[Round "3.8"]
[White "Paunovic, Dragan"]
[Black "Ferrer Garcia, Isaac"]
[Result "1/2-1/2"]
[WhiteElo "2518"]
[BlackElo "2215"]
[PlyCount "100"]
[EventDate "2005.01.07"]
[EventType "swiss"]
[EventRounds "9"]
[EventCountry "ESP"]
[Source "lmi"]
[SourceDate "2005.01.13"]

1. d4 e6 2. Nf3 f5 3. g3 Nf6 4. Bg2 d5 5. O-O Bd6 6. c4 c6 7. b3 Qe7 8. Bb2 b6
9. Nc3 Ne4 10. Nxe4 fxe4 11. Ne5 O-O 12. cxd5 cxd5 13. f3 exf3 14. exf3 Bb7 15.
f4 Nc6 16. Nxc6 Bxc6 17. Qe2 Qf6 18. Rac1 Rac8 19. f5 Bd7 20. fxe6 Rxc1 21.
Bxc1 Qxe6 22. Rxf8+ Bxf8 23. Qxe6+ Bxe6 24. Bf4 b5 25. Kf2 Kf7 26. Ke3 Ba3 27.
Bb8 a6 28. Kf4 Kf6 29. Be5+ Kf7 30. Bc7 Be7 31. Ke5 Bf6+ 32. Kd6 Bxd4 33. Bxd5
Bxd5 34. Kxd5 Bc3 35. Kc5 Ke6 36. Kb6 Kd5 37. Kxa6 Kc6 38. Bf4 h5 39. Be3 Bf6
40. a4 bxa4 41. bxa4 h4 42. gxh4 Bxh4 43. Ka7 Bd8 44. Bf4 g5 45. Bg3 g4 46. Kb8
Kb6 47. Kc8 Bg5 48. Bc7+ Ka6 49. Kd7 Be3 50. Ke6 Bg1 1/2-1/2

[Event "30. Abierto Ciudad de Sevilla"]
[Site "Sevilla ESP"]
[Date "2005.01.09"]
[Round "3.9"]
[White "Valenti, Giuseppe"]
[Black "Khamrakulov, Ibragim S"]
[Result "0-1"]
[WhiteElo "2270"]
[BlackElo "2501"]
[PlyCount "65"]
[EventDate "2005.01.07"]
[EventType "swiss"]
[EventRounds "9"]
[EventCountry "ESP"]
[Source "lmi"]
[SourceDate "2005.01.13"]

1. e4 c5 2. Nf3 a6 3. Nc3 b5 4. a4 b4 5. Ne2 Bb7 6. Ng3 Nf6 7. e5 Nd5 8. d4
cxd4 9. Qxd4 e6 10. Bd3 Qc7 11. O-O Nc6 12. Qe4 g6 13. Re1 Bg7 14. h4 f5 15.
exf6 Nxf6 16. Qc4 Qa5 17. Bf4 Qd5 18. Rad1 O-O 19. Qxd5 Nxd5 20. Bd6 Rfe8 21.
b3 Nce7 22. Bc4 Bc3 23. Rf1 Nb6 24. Bd3 Nf5 25. Ne4 Nxd6 26. Nxd6 Bxf3 27. gxf3
Re7 28. Be4 Rf8 29. Kg2 a5 30. Rh1 Be5 31. h5 g5 32. Rhe1 Bc3 33. Bf5 0-1